000 00350nam a22001457a 4500
005 20200524105148.0
008 200524b xxu||||| |||| 00| 0 eng d
041 _aeng
082 _a340
100 _aBARE ACT
_95744
245 _aTHE MINIMUM WAGES ACT, 1948 (11 OF 1948)
260 _aDELHI
_bPROFESSIONALS BOOK
650 _aLAW
_95701
942 _cBK
999 _c6491
_d6489